LEADER 01140nam a2200241 i 4500 001 000000245768 003 CaOOAMICUS 005 20151015000000.0 008 151015s1869 it u000 u ita u 013 $a224673 040 $aSeMil$bita 100 1 $aCavalca, Domenico,$d.$0(OLS)http://semarc/name/3201 245 10$aVite di s. Paolo e di s. Antonio /$cvolgarizzate da fra Domenico Cavalca ; testo di lingua. 260 $aTorino :$bTip. dell' Oratorio di S. Francesco di Sales,$c1869. 300 $a132 p. ;$c15 cm. 490 0 $aBiblioteca della gioventù italiana ;$v9 600 04$aAntonio : da Padova .$0(OLS)http://semarc/subject/2023 650 4$aPaolo .$0(OLS)http://semarc/subject/42625 830 0$aBiblioteca della gioventù italiana ;$v9.$0(OLS)http://semarc/title/35578 850 $aSeMil 852 $aSeMil$W1$xVenegono$y1$m3H I 97 FA$j196114$B196114$CSeMilBibl$Z2$F206879 $8I 996 $6245$aVite di s. Paolo e di s. Antonio$9(OLS)http://semarc/title/347448 996 $6260$aTorino :$bTip. dell' Oratorio di S. Francesco di Sales$9(OLS)http://semarc/publisher/40263 LEADER 00993nam a2200217 i 4500 001 000000192336 003 CaOOAMICUS 005 20100915000000.0 008 100915s1920 it u000 u ita u 013 $a170915 040 $aSeMil$bita 100 1 $aBallario, Stefano.$0(OLS)http://semarc/name/70138 245 13$aIl Beato Giuseppe Benedetto Cottolengo e l'opera sua /$cTeol. Stefano Ballario. 250 $a2. Edizione riveduta, corretta ed ampliata. 260 $aTorino [etc.] :$bSocietà Editrice Internazionale,$c1920. 300 $a252 p., [8] p. di tav. :$bill. ;$c19 cm. 600 04$aCottolengo, Giuseppe Benedetto .$0(OLS)http://semarc/subject/5579 850 $aSeMil 852 $aSeMil$W1$xVenegono$y1$m3J II 26$j142912$B142912$CSeMilBibl$Z2$F154304 $81 996 $6245$aIl Beato Giuseppe Benedetto Cottolengo e l'opera sua$9(OLS)http://semarc/title/277192 996 $6260$aTorino [etc.] :$bSocietà Editrice Internazionale$9(OLS)http://semarc/publisher/31170